<?xml version="1.0" encoding="UTF-8"?>
<record
    xmlns:xsi="http://www.w3.org/2001/XMLSchema-instance"
    xsi:schemaLocation="http://www.loc.gov/MARC21/slim http://www.loc.gov/standards/marcxml/schema/MARC21slim.xsd"
    xmlns="http://www.loc.gov/MARC21/slim">

  <leader>02089agaaa2200337   4500</leader>
  <controlfield tag="001">8901</controlfield>
  <controlfield tag="003">IT-RoPAU</controlfield>
  <controlfield tag="005">20220918181242.0</controlfield>
  <controlfield tag="007">d cvaizq</controlfield>
  <controlfield tag="008">50131s9999||||xx ||| |     ||   ||und||</controlfield>
  <datafield tag="040" ind1=" " ind2=" ">
    <subfield code="a">IT-RoPAU</subfield>
    <subfield code="c">IT-RoPAU</subfield>
  </datafield>
  <datafield tag="041" ind1=" " ind2=" ">
    <subfield code="a">ITALIANO</subfield>
  </datafield>
  <datafield tag="100" ind1=" " ind2=" ">
    <subfield code="a">King Henry</subfield>
    <subfield code="g">Codice regista SPICS: 38590</subfield>
    <subfield code="9">45590</subfield>
  </datafield>
  <datafield tag="130" ind1=" " ind2=" ">
    <subfield code="a">BERNADETTE</subfield>
    <subfield code="9">45591</subfield>
  </datafield>
  <datafield tag="240" ind1=" " ind2=" ">
    <subfield code="a">SONG OF BERNADETTE (THE)</subfield>
    <subfield code="g">T2532</subfield>
  </datafield>
  <datafield tag="245" ind1=" " ind2=" ">
    <subfield code="a">BERNADETTE</subfield>
    <subfield code="c">Prodotto da: Perlberg William -- Sceneggiatura: Seaton George -- Diretto da: King Henry</subfield>
    <subfield code="p">BERNADETTE (Rif. Codice opera principale : H8901)</subfield>
  </datafield>
  <datafield tag="246" ind1=" " ind2=" ">
    <subfield code="a">SONG OF BERNADETTE (THE)</subfield>
  </datafield>
  <datafield tag="250" ind1=" " ind2=" ">
    <subfield code="a">Edizione Standard</subfield>
  </datafield>
  <datafield tag="260" ind1=" " ind2=" ">
    <subfield code="a">(USA)</subfield>
    <subfield code="b">20TH CENTURY FOX / Distribuzione: MAGAZZINO DISP</subfield>
    <subfield code="g">"1943 (1&#xB0; ed.: 2009 ; Ed. Lingua Orig.: 1943)"</subfield>
  </datafield>
  <datafield tag="300" ind1=" " ind2=" ">
    <subfield code="a">DVD</subfield>
    <subfield code="b">sonoro, b&amp;w</subfield>
    <subfield code="c">151 minuti</subfield>
  </datafield>
  <datafield tag="508" ind1=" " ind2=" ">
    <subfield code="a">"Fotografia: Miller Arthur C.; Montaggio: Mclean Barbara; Musica: Newman Alfred; Sceneggiatura: Seaton George; Scenografia: Basevi J. Darling W.; "</subfield>
  </datafield>
  <datafield tag="511" ind1=" " ind2=" ">
    <subfield code="a">"Jones Jennifer; Eythe William; Bickford Charles; Price Vincent; Cobb Lee; C.; Cooper G"</subfield>
  </datafield>
  <datafield tag="520" ind1=" " ind2=" ">
    <subfield code="a">E' LA STORIA DELLE APPARIZIONI DI UNA BIANCA SIGNORA, PIU' BIANCA E PIU' BELLA DI COME RIUSCIVANO A PLASMARLA GLI SCULTORI PIU' RINOMATI, AD UNA FANCIULLA - CHE SI CHIAMAVA APPUNTO BERNADETTE SOUBIROUS - IGNORANTE E POVERA MA PROFONDAMENTE UMILE L'11 FEBBRAIO 1858. ACCANTO AL LUOGO DELLA VISIONE APPARE INMPROVVISAMENTE UNA FONTANA CHE SEMBRA GUARIRE CHIUNQUE SI BAGNI CON LA SUA ACQUA. NONOSTANTE QUESTO APPARENTE DONO NON CAMBI PER NULLA IL SUO CARATTERE, BERNADETTE SUBISCE I PREGIUDIZI DELLE PERSONE CHE LA CIRCONDANO. VINCITORE DI 4 PREMI OSCAR (ATTRICE, DIREZIONE ARTISTICA, MUSICA, FOTOGRAFIA).</subfield>
  </datafield>
  <datafield tag="538" ind1=" " ind2=" ">
    <subfield code="a">PAL, STEREO</subfield>
  </datafield>
  <datafield tag="546" ind1=" " ind2=" ">
    <subfield code="a">ITALIANO</subfield>
  </datafield>
  <datafield tag="650" ind1=" " ind2=" ">
    <subfield code="a">RELIGIOSO - BIOGR</subfield>
    <subfield code="e">DVD-FILM [DVD]</subfield>
    <subfield code="x">Codice MATERIA SPICS: 9947</subfield>
    <subfield code="9">40982</subfield>
  </datafield>
  <datafield tag="700" ind1=" " ind2=" ">
    <subfield code="a">King Henry </subfield>
    <subfield code="e">(regista)</subfield>
    <subfield code="g">Codice regista SPICS: 38590</subfield>
    <subfield code="9">45592</subfield>
  </datafield>
  <datafield tag="700" ind1=" " ind2=" ">
    <subfield code="a">Newman Alfred</subfield>
    <subfield code="e">(musica)</subfield>
    <subfield code="g">Codice Musica SPICS: 11039</subfield>
    <subfield code="9">45593</subfield>
  </datafield>
  <datafield tag="700" ind1=" " ind2=" ">
    <subfield code="a">Werfel Franz </subfield>
    <subfield code="e">(soggetto)</subfield>
    <subfield code="g">Codice Soggetto SPICS: 59551</subfield>
    <subfield code="9">45594</subfield>
  </datafield>
  <datafield tag="942" ind1=" " ind2=" ">
    <subfield code="c">DV</subfield>
    <subfield code="2">ddc</subfield>
  </datafield>
  <datafield tag="999" ind1=" " ind2=" ">
    <subfield code="c">106192</subfield>
    <subfield code="d">106192</subfield>
  </datafield>
  <datafield tag="952" ind1=" " ind2=" ">
    <subfield code="0">0</subfield>
    <subfield code="1">0</subfield>
    <subfield code="4">0</subfield>
    <subfield code="6">H_8901_000000000000000</subfield>
    <subfield code="7">1</subfield>
    <subfield code="a">SPICS</subfield>
    <subfield code="b">SPICS</subfield>
    <subfield code="d">2015-01-31</subfield>
    <subfield code="l">0</subfield>
    <subfield code="o">H8901</subfield>
    <subfield code="r">2015-01-31 00:00:00</subfield>
    <subfield code="w">2015-01-31</subfield>
    <subfield code="y">DV</subfield>
    <subfield code="z">Progr. Ins.: 3832 / N.Vol.:1 / Copie: 1 / Pag.:0 / Copia rara: n.d. / date import: 1.2.2015 / By Epidotti, Trombetti, Vaglietti</subfield>
  </datafield>
</record>
